000 00883nam a2200265Ia 4500
003 OSt
005 20220923211324.0
006 a|||||r|||| 00| 0
007 ta
008 220922b |||||||| |||| 00| 0 hin d
020 _a9788181439451 (pbk)
_c60
024 _a287,966
037 _b327, 21/01/2016, Vani Prakashan
_cTextual
040 _aARTS
_cARTS
_bhin
041 _2hin
_ahin
082 _aO152,3N446,AS, P8
100 _aनमिता सिंह
245 0 _aअपनी सलीबें
246 _aApanī salībean
260 _aनयी दिल्ली
_b वाणी प्रकाशन
_c2008
300 _a226पृ.
_ccm.
650 _aहिन्दी साहित्य
_9156264
942 _hO152,3N446,AS, P8
_cTEXL
_2CC
999 _c298486
_d298486